000 00673nam a2200205 i 4500
001 78957
003 ES-MaACL
005 20250815083017.0
007 t|
008 041018s1977 sp ||||1| spa d
100 1 _aHeller, H. Robert.
_962440
245 1 0 _aEconomía monetaria internacional /
_cH. Robert Heller ; [traducción por Zenón J. Ridruejo].
260 _aMadrid :
_bTecnos,
_c[1977]
300 _a224 p. ;
_c24 cm.
490 1 _aBiblioteca Tecnos de Ciencias Económicas
700 1 _aRidruejo, Zenón J.
_997067
830 0 0 _aBiblioteca Tecnos de ciencias económicas
_9182602
852 _aES-MaACL
_jA-7323
_bR.96283
999 _c78957
_d78957